[Event "EUYCC 2025 - U10"]
[Site "?"]
[Date "2025.08.25"]
[Round "7.9"]
[White "Stricova, Viktoria Lea"]
[Black "Vratny, Vojtech"]
[Result "0-1"]
[BlackElo "1645"]
[WhiteElo "1610"]
[LiveChessVersion "1.4.8"]

1. e4 {[%clk 1:30:52]} c5 {[%clk 1:30:56]} 2. Nf3 {[%clk 1:30:37]} g6
{[%clk 1:31:15]} 3. d4 {[%clk 1:29:24]} cxd4 {[%clk 1:31:40]} 4. Nxd4
{[%clk 1:29:16]} Nc6 {[%clk 1:31:03]} 5. Be3 {[%clk 1:27:40]} Nf6
{[%clk 1:29:40]} 6. Nc3 {[%clk 1:27:11]} Bg7 {[%clk 1:30:00]} 7. Bc4
{[%clk 1:21:49]} Qa5 {[%clk 1:29:42]} 8. O-O {[%clk 1:04:46]} O-O
{[%clk 1:29:46]} 9. f3 {[%clk 1:00:54]} Qb6 {[%clk 1:27:15]} 10. Bb3
{[%clk 0:47:29]} Nxd4 {[%clk 1:16:10]} 11. Bxd4 {[%clk 0:46:26]} Qd8
{[%clk 1:16:06]} 12. Qd2 {[%clk 0:42:22]} b6 {[%clk 1:15:02]} 13. h4
{[%clk 0:34:25]} Ba6 {[%clk 1:12:05]} 14. Rfe1 {[%clk 0:33:47]} Qc7
{[%clk 1:11:22]} 15. Kf2 {[%clk 0:29:04]} Nh5 {[%clk 1:09:48]} 16. Kg1
{[%clk 0:21:27]} Qg3 {[%clk 0:59:40]} 17. Bf2 {[%clk 0:20:35]} Qf4
{[%clk 0:57:08]} 18. Qxf4 {[%clk 0:19:28]} Nxf4 {[%clk 0:57:32]} 19. Red1
{[%clk 0:16:08]} d6 {[%clk 0:55:30]} 20. Be3 {[%clk 0:14:15]} Ne2+
{[%clk 0:53:46]} 21. Nxe2 {[%clk 0:12:40]} Bxe2 {[%clk 0:54:05]} 22. Rdb1
{[%clk 0:12:17]} Rfc8 {[%clk 0:52:47]} 23. c3 {[%clk 0:11:22]} Bc4
{[%clk 0:51:47]} 24. Bxc4 {[%clk 0:10:47]} Rxc4 {[%clk 0:52:09]} 25. Rd1
{[%clk 0:10:13]} Rac8 {[%clk 0:50:56]} 26. Bd4 {[%clk 0:08:42]} Bxd4+
{[%clk 0:50:06]} 27. Rxd4 {[%clk 0:08:45]} Rxd4 {[%clk 0:50:08]} 28. cxd4
{[%clk 0:09:05]} Rc4 {[%clk 0:49:56]} 29. d5 {[%clk 0:08:52]} Kg7
{[%clk 0:50:12]} 30. Rf1 {[%clk 0:08:15]} Kf6 {[%clk 0:49:40]} 31. Kh2
{[%clk 0:07:43]} Rc2 {[%clk 0:49:43]} 32. Rb1 {[%clk 0:07:55]} Ke5
{[%clk 0:49:36]} 33. Kh3 {[%clk 0:06:47]} h5 {[%clk 0:46:42]} 34. g4
{[%clk 0:06:16]} Kf4 {[%clk 0:46:34]} 35. gxh5 {[%clk 0:05:38]} gxh5
{[%clk 0:46:54]} 36. Rg1 {[%clk 0:04:59]} Kxf3 {[%clk 0:46:06]} 37. Rf1+
{[%clk 0:03:15]} Rf2 {[%clk 0:46:24]} 38. Rg1 {[%clk 0:02:40]} Rxb2
{[%clk 0:45:30]} 39. Rg7 {[%clk 0:02:27]} Kxe4 {[%clk 0:45:13]} 40. Rh7
{[%clk 0:01:52]} Rf2 {[%clk 0:43:24]} 41. Rxh5 {[%clk 0:01:13]} Rf5
{[%clk 0:43:18]} 42. Kg4 {[%clk 0:01:04]} Rxh5 {[%clk 0:41:55]} 43. Kxh5
{[%clk 0:01:26]} f5 {[%clk 0:42:12]} 44. Kg6 {[%clk 0:01:23]} f4 {[%clk 0:42:22]}
45. h5 {[%clk 0:01:48]} f3 {[%clk 0:42:36]} 46. h6 {[%clk 0:02:06]} f2
{[%clk 0:42:57]} 47. h7 {[%clk 0:02:14]} f1=Q {[%clk 0:43:14]} 48. h8=Q
{[%clk 0:02:09]} Qf5+ {[%clk 0:43:21]} 49. Kg7 {[%clk 0:01:23]} Qf6+
{[%clk 0:43:42]} 50. Kh7 {[%clk 0:01:44]} Qxh8+ {[%clk 0:44:08]} 51. Kxh8
{[%clk 0:01:46]} Kxd5 {[%clk 0:44:34]} 0-1

[Event "EUYCC 2025 - U10"]
[Site "?"]
[Date "2025.08.25"]
[Round "7.10"]
[White "Horvath, Kornel"]
[Black "Zlamal, Jakub"]
[Result "1-0"]
[BlackElo "1441"]
[WhiteElo "1635"]
[LiveChessVersion "1.4.8"]

1. e4 {[%clk 1:30:50]} e5 {[%clk 1:30:08]} 2. Nf3 {[%clk 1:30:52]} Nc6
{[%clk 1:30:18]} 3. Bc4 {[%clk 1:31:15]} Nf6 {[%clk 1:30:33]} 4. d3
{[%clk 1:31:33]} d5 {[%clk 1:29:51]} 5. exd5 {[%clk 1:31:43]} Nxd5
{[%clk 1:29:26]} 6. Bb5 {[%clk 1:31:16]} Qd6 {[%clk 1:28:05]} 7. c3
{[%clk 1:29:01]} Be6 {[%clk 1:25:13]} 8. O-O {[%clk 1:26:06]} Be7
{[%clk 1:23:42]} 9. Re1 {[%clk 1:25:54]} f6 {[%clk 1:23:56]} 10. d4
{[%clk 1:22:38]} O-O-O {[%clk 1:20:51]} 11. Bxc6 {[%clk 1:18:51]} Qxc6
{[%clk 1:20:11]} 12. Qe2 {[%clk 1:15:35]} Rde8 {[%clk 1:09:00]} 13. a3
{[%clk 1:07:36]} g5 {[%clk 1:08:04]} 14. dxe5 {[%clk 1:01:42]} f5
{[%clk 1:03:47]} 15. Nd4 {[%clk 0:58:43]} Qd7 {[%clk 1:03:24]} 16. a4
{[%clk 0:56:15]} h5 {[%clk 1:02:56]} 17. a5 {[%clk 0:55:59]} a6 {[%clk 1:03:08]}
18. b4 {[%clk 0:55:54]} h4 {[%clk 1:03:00]} 19. b5 {[%clk 0:55:54]} axb5
{[%clk 0:55:45]} 20. Nxe6 {[%clk 0:56:09]} Qxe6 {[%clk 0:53:01]} 21. Qxb5
{[%clk 0:55:49]} Qc6 {[%clk 0:50:51]} 22. Qxc6 {[%clk 0:53:28]} bxc6
{[%clk 0:51:12]} 23. Ra2 {[%clk 0:41:29]} f4 {[%clk 0:50:43]} 24. Rb2
{[%clk 0:37:42]} Bf6 {[%clk 0:46:32]} 25. c4 {[%clk 0:37:14]} Rxe5
{[%clk 0:38:45]} 26. Rxe5 {[%clk 0:37:29]} Bxe5 {[%clk 0:38:07]} 27. Re2
{[%clk 0:35:19]} Nc3 {[%clk 0:37:47]} 28. Rxe5 {[%clk 0:33:58]} Nxb1
{[%clk 0:38:00]} 29. Bb2 {[%clk 0:33:28]} Rd8 {[%clk 0:36:46]} 30. Re1
{[%clk 0:33:35]} Nd2 {[%clk 0:36:27]} 31. Bf6 {[%clk 0:33:01]} Rg8
{[%clk 0:34:04]} 32. Re5 {[%clk 0:26:52]} f3 {[%clk 0:33:31]} 33. Bxg5
{[%clk 0:19:33]} fxg2 {[%clk 0:33:19]} 34. Bxd2 {[%clk 0:19:48]} Rd8
{[%clk 0:33:09]} 35. Re2 {[%clk 0:18:52]} h3 {[%clk 0:32:43]} 36. f4
{[%clk 0:18:08]} Rd3 {[%clk 0:32:13]} 37. Kf2 {[%clk 0:16:09]} Kd7
{[%clk 0:29:35]} 38. Be3 {[%clk 0:11:39]} Ra3 {[%clk 0:29:30]} 39. f5
{[%clk 0:11:02]} Rxa5 {[%clk 0:29:20]} 40. c5 {[%clk 0:10:34]} Ra1
{[%clk 0:28:56]} 41. Re1 {[%clk 0:10:39]} Ra2+ {[%clk 0:28:42]} 42. Kg1
{[%clk 0:10:48]} Ke7 {[%clk 0:26:45]} 43. Bd4+ {[%clk 0:08:37]} Kf7
{[%clk 0:27:06]} 44. Be5 {[%clk 0:07:53]} Rc2 {[%clk 0:26:59]} 45. Bd4
{[%clk 0:07:47]} Rc4 {[%clk 0:26:54]} 46. Rd1 {[%clk 0:07:43]} Ra4
{[%clk 0:26:40]} 47. Kf2 {[%clk 0:07:54]} Ra2+ {[%clk 0:27:02]} 48. Kg3
{[%clk 0:08:11]} Ra3+ {[%clk 0:26:39]} 49. Kg4 {[%clk 0:08:23]} Rb3
{[%clk 0:26:27]} 50. Be5 {[%clk 0:07:25]} Re3 {[%clk 0:25:55]} 51. Bxc7
{[%clk 0:07:12]} Re2 {[%clk 0:25:31]} 52. Kxh3 {[%clk 0:06:27]} Rf2
{[%clk 0:24:44]} 53. Kg3 {[%clk 0:06:10]} Rf1 {[%clk 0:24:39]} 54. Rd7+
{[%clk 0:06:29]} Ke8 {[%clk 0:24:48]} 55. Rd8+ {[%clk 0:06:43]} Ke7
{[%clk 0:24:25]} 56. Kxg2 {[%clk 0:06:47]} Rxf5 {[%clk 0:24:46]} 57. Bb6
{[%clk 0:06:58]} Rh5 {[%clk 0:23:47]} 58. Rd6 {[%clk 0:06:59]} Rg5+
{[%clk 0:23:34]} 59. Kh1 {[%clk 0:07:08]} Rd5 {[%clk 0:23:24]} 60. Rxd5
{[%clk 0:07:16]} cxd5 61. Kg2 {[%clk 0:07:10]} d4 {[%clk 0:19:08]} 62. Kf2
{[%clk 0:07:25]} d3 {[%clk 0:19:08]} 63. Ke3 {[%clk 0:07:50]} d2 {[%clk 0:19:11]}
64. Kxd2 {[%clk 0:08:18]} Kd7 {[%clk 0:19:27]} 65. h4 {[%clk 0:08:37]} Kc6 66. h5
{[%clk 0:08:55]} Kb7 {[%clk 0:20:08]} 67. h6 {[%clk 0:09:20]} Ka6
{[%clk 0:20:12]} 68. h7 {[%clk 0:09:45]} Kb5 {[%clk 0:19:55]} 69. c6
{[%clk 0:10:00]} Kxc6 {[%clk 0:20:14]} 70. h8=Q {[%clk 0:10:23]} Kxb6
{[%clk 0:20:13]} 71. Qc8 {[%clk 0:10:45]} Kb5 {[%clk 0:20:31]} 72. Kd3
{[%clk 0:11:07]} Kb6 {[%clk 0:20:22]} 73. Kd4 {[%clk 0:11:20]} Kb5
{[%clk 0:20:25]} 74. Qc5+ {[%clk 0:11:41]} Ka6 {[%clk 0:20:37]} 75. Qb4
{[%clk 0:11:59]} Ka7 {[%clk 0:20:53]} 76. Kc5 {[%clk 0:12:15]} Ka8
{[%clk 0:20:52]} 77. Kc6 {[%clk 0:12:39]} Ka7 {[%clk 0:20:58]} 78. Qb7#
{[%clk 0:12:59]} 1-0

[Event "EUYCC 2025 - U10"]
[Site "?"]
[Date "2025.08.25"]
[Round "7.14"]
[White "Andrasinova, Natalia"]
[Black "Bartosova, Emma"]
[Result "1/2-1/2"]
[BlackElo "1409"]
[WhiteElo "1572"]
[LiveChessVersion "1.4.8"]

1. e4 {[%clk 1:30:58]} e5 {[%clk 1:30:51]} 2. Nf3 {[%clk 1:31:21]} d5
{[%clk 1:31:13]} 3. exd5 {[%clk 1:29:24]} e4 {[%clk 1:30:11]} 4. Nd4
{[%clk 1:27:13]} Qxd5 {[%clk 1:28:07]} 5. Nb3 {[%clk 1:25:46]} Qe5
{[%clk 1:27:23]} 6. Nc3 {[%clk 1:23:41]} Nf6 {[%clk 1:23:02]} 7. Be2
{[%clk 1:20:13]} Bd6 {[%clk 1:21:25]} 8. d4 {[%clk 1:17:51]} exd3
{[%clk 1:21:11]} 9. Qxd3 {[%clk 1:16:43]} Nc6 {[%clk 1:20:27]} 10. Qe3
{[%clk 1:15:26]} Qxe3 {[%clk 1:16:45]} 11. Bxe3 {[%clk 1:14:54]} Bf5
{[%clk 1:15:55]} 12. O-O-O {[%clk 1:08:50]} O-O-O {[%clk 1:15:54]} 13. Nd4
{[%clk 1:07:12]} Nxd4 {[%clk 1:15:44]} 14. Bxd4 {[%clk 1:07:28]} Kb8
{[%clk 1:13:01]} 15. Bxf6 {[%clk 1:06:58]} gxf6 {[%clk 1:11:55]} 16. Bd3
{[%clk 1:04:25]} Bf4+ {[%clk 1:08:37]} 17. Kb1 {[%clk 1:03:01]} Bxd3
{[%clk 1:08:24]} 18. Rxd3 {[%clk 1:02:56]} Rxd3 {[%clk 1:08:17]} 19. cxd3
{[%clk 1:03:05]} Rd8 {[%clk 1:07:44]} 20. Kc2 {[%clk 1:02:09]} Re8
{[%clk 1:04:35]} 21. g3 {[%clk 0:59:30]} Bd6 {[%clk 1:04:17]} 22. Kd2
{[%clk 0:57:26]} Kc8 {[%clk 1:03:55]} 23. a3 {[%clk 0:55:10]} Bc5
{[%clk 1:01:17]} 24. Re1 {[%clk 0:52:37]} Rxe1 {[%clk 0:59:46]} 25. Kxe1
{[%clk 0:53:00]} c6 {[%clk 0:59:37]} 26. f4 {[%clk 0:48:45]} f5 {[%clk 0:59:35]}
27. Ke2 {[%clk 0:48:04]} Kd7 {[%clk 0:58:47]} 28. h3 {[%clk 0:47:04]} h5
{[%clk 0:57:42]} 29. Kf3 {[%clk 0:46:48]} Ke6 {[%clk 0:55:54]} 30. g4
{[%clk 0:46:07]} fxg4+ {[%clk 0:56:02]} 31. hxg4 {[%clk 0:46:03]} hxg4+
{[%clk 0:56:25]} 32. Kxg4 {[%clk 0:46:14]} f5+ {[%clk 0:56:49]} 33. Kf3
{[%clk 0:42:33]} a5 {[%clk 0:53:55]} 34. Ne2 {[%clk 0:40:08]} a4 {[%clk 0:51:58]}
35. d4 {[%clk 0:39:23]} Ba7 {[%clk 0:51:02]} 36. Ke3 {[%clk 0:39:02]} c5
{[%clk 0:47:18]} 37. Kd3 {[%clk 0:38:04]} cxd4 {[%clk 0:47:34]} 38. Nxd4+
{[%clk 0:38:12]} Bxd4 {[%clk 0:47:48]} 39. Kxd4 {[%clk 0:38:22]} Kd6
{[%clk 0:48:00]} 40. Kc4 {[%clk 0:38:26]} Kc6 {[%clk 0:47:25]} 41. Kd4
{[%clk 0:38:11]} Kd6 {[%clk 0:46:39]} 42. Kc4 {[%clk 0:38:02]} Kc6
{[%clk 0:46:49]} 43. Kd4 {[%clk 0:38:15]} Kd6 {[%clk 0:46:55]} 44. Kc4
{[%clk 0:38:32]} Kc6 1/2-1/2

[Event "EUYCC 2025 - U10"]
[Site "?"]
[Date "2025.08.26"]
[Round "8.1"]
[White "Szczurek, Julia"]
[Black "Perouin, Simon"]
[Result "1-0"]
[BlackElo "1861"]
[WhiteElo "1479"]
[LiveChessVersion "1.4.8"]

1. e4 {[%clk 1:30:58]} e5 {[%clk 1:31:00]} 2. Nf3 {[%clk 1:31:18]} Nc6
{[%clk 1:31:29]} 3. Bc4 {[%clk 1:31:42]} Bc5 {[%clk 1:31:50]} 4. O-O
{[%clk 1:31:58]} Nf6 {[%clk 1:31:58]} 5. d4 {[%clk 1:32:22]} Bxd4
{[%clk 1:24:45]} 6. Nxd4 {[%clk 1:32:17]} Nxd4 {[%clk 1:25:07]} 7. f4
{[%clk 1:32:35]} d6 {[%clk 1:23:37]} 8. fxe5 {[%clk 1:31:50]} dxe5
{[%clk 1:22:33]} 9. Bg5 {[%clk 1:31:59]} Qe7 {[%clk 1:11:24]} 10. Nc3
{[%clk 1:31:03]} Qc5 {[%clk 1:10:13]} 11. Bxf7+ {[%clk 1:30:12]} Kxf7
{[%clk 1:10:10]} 12. Qh5+ {[%clk 1:30:13]} Ke6 {[%clk 0:59:11]} 13. Bxf6
{[%clk 1:25:22]} gxf6 {[%clk 0:38:42]} 14. Qg4+ {[%clk 1:23:45]} Kd6
{[%clk 0:38:23]} 15. Rxf6+ {[%clk 1:22:05]} Be6 {[%clk 0:38:18]} 16. Rd1
{[%clk 1:20:01]} Raf8 {[%clk 0:36:54]} 17. Qxe6# {[%clk 1:18:38]} 1-0

[Event "EUYCC 2025 - U10"]
[Site "?"]
[Date "2025.08.26"]
[Round "8.2"]
[White "Kristof, Simon"]
[Black "Vinet, Matelo"]
[Result "0-1"]
[BlackElo "1708"]
[WhiteElo "1635"]
[LiveChessVersion "1.4.8"]

1. e4 {[%clk 1:30:58]} e5 {[%clk 1:30:22]} 2. Nf3 {[%clk 1:31:24]} Nc6
{[%clk 1:30:47]} 3. Bc4 {[%clk 1:31:50]} Nf6 {[%clk 1:31:13]} 4. Ng5
{[%clk 1:32:03]} d5 {[%clk 1:26:38]} 5. exd5 {[%clk 1:32:26]} Na5
{[%clk 1:26:58]} 6. Bb5+ {[%clk 1:32:47]} Bd7 {[%clk 1:27:25]} 7. Bxd7+
{[%clk 1:29:07]} Qxd7 {[%clk 1:27:51]} 8. d3 {[%clk 1:23:06]} Nxd5
{[%clk 1:27:36]} 9. Bd2 {[%clk 1:19:21]} Nc6 {[%clk 1:28:05]} 10. Ne4
{[%clk 1:18:11]} O-O-O 11. Nbc3 {[%clk 1:14:07]} h6 {[%clk 1:21:36]} 12. a3
{[%clk 1:08:03]} Be7 {[%clk 1:13:44]} 13. b4 {[%clk 0:58:24]} f5 {[%clk 1:11:01]}
14. Ng3 {[%clk 0:57:19]} Bg5 {[%clk 1:07:34]} 15. b5 {[%clk 0:53:34]} Nce7
{[%clk 0:58:08]} 16. a4 {[%clk 0:49:50]} Bxd2+ {[%clk 0:54:56]} 17. Qxd2
{[%clk 0:50:06]} f4 18. Nge4 {[%clk 0:44:13]} Qg4 {[%clk 0:51:59]} 19. Nxd5
{[%clk 0:37:14]} Nxd5 {[%clk 0:52:23]} 20. Qa5 {[%clk 0:12:01]} Kb8
{[%clk 0:51:10]} 21. c4 {[%clk 0:08:12]} Qxg2 {[%clk 0:50:43]} 22. O-O-O
{[%clk 0:07:59]} Ne7 {[%clk 0:44:04]} 23. Rhg1 {[%clk 0:03:47]} Qf3
{[%clk 0:41:16]} 24. Rxg7 {[%clk 0:03:43]} Rxd3 {[%clk 0:41:29]} 25. Rxd3
{[%clk 0:01:31]} Qxd3 {[%clk 0:41:56]} 26. Rxe7 {[%clk 0:01:20]} Qa3+
{[%clk 0:42:19]} 27. Kc2 {[%clk 0:01:12]} Qxe7 {[%clk 0:42:48]} 28. c5
{[%clk 0:00:55]} Qe6 {[%clk 0:41:58]} 29. Kc3 {[%clk 0:00:38]} Qd5
{[%clk 0:42:00]} 30. Qb4 {[%clk 0:00:41]} Rd8 {[%clk 0:42:02]} 31. Qb1
{[%clk 0:00:33]} Qd4+ {[%clk 0:42:22]} 32. Kb3 {[%clk 0:00:41]} Qd5+
{[%clk 0:41:48]} 33. Ka3 Qc4 {[%clk 0:41:55]} 34. Kb2 {[%clk 0:00:32]} Qe2+
{[%clk 0:42:00]} 0-1

[Event "EUYCC 2025 - U10"]
[Site "?"]
[Date "2025.08.26"]
[Round "8.3"]
[White "Sirbu, Filip"]
[Black "Lobina, Thomas"]
[Result "1/2-1/2"]
[BlackElo "1959"]
[WhiteElo "1697"]
[LiveChessVersion "1.4.8"]

1. d4 {[%clk 1:30:42]} Nf6 {[%clk 1:30:54]} 2. Nc3 {[%clk 1:31:06]} d5
{[%clk 1:31:20]} 3. Bf4 {[%clk 1:31:32]} c5 {[%clk 1:31:30]} 4. e3
{[%clk 1:31:44]} cxd4 {[%clk 1:30:49]} 5. exd4 {[%clk 1:31:33]} a6
{[%clk 1:31:13]} 6. Nf3 {[%clk 1:29:17]} Nc6 {[%clk 1:31:29]} 7. a3
{[%clk 1:28:13]} Bg4 {[%clk 1:30:00]} 8. Be2 {[%clk 1:13:14]} Bxf3
{[%clk 1:30:23]} 9. Bxf3 {[%clk 1:11:56]} e6 {[%clk 1:29:50]} 10. Rb1
{[%clk 1:08:59]} Bd6 {[%clk 1:25:19]} 11. Ne2 {[%clk 1:06:12]} O-O
{[%clk 1:13:43]} 12. O-O {[%clk 1:04:29]} Rc8 {[%clk 1:10:42]} 13. Re1
{[%clk 1:01:57]} Bxf4 {[%clk 1:10:37]} 14. Nxf4 {[%clk 1:01:11]} Qd6
{[%clk 1:10:37]} 15. Qd2 {[%clk 0:59:29]} Nxd4 {[%clk 1:09:19]} 16. Qxd4
{[%clk 0:51:52]} Rc4 {[%clk 1:09:43]} 17. Qd2 {[%clk 0:45:41]} Rxf4
{[%clk 1:09:49]} 18. Rbd1 {[%clk 0:38:51]} Rc8 {[%clk 1:08:36]} 19. b3
{[%clk 0:37:06]} Qc7 {[%clk 1:06:25]} 20. Qe3 {[%clk 0:31:20]} Ng4
{[%clk 0:55:31]} 21. Bxg4 {[%clk 0:30:42]} Rxg4 {[%clk 0:55:50]} 22. Rxd5
{[%clk 0:28:46]} Qxc2 {[%clk 0:56:13]} 23. Re5 {[%clk 0:25:01]} Qg6
{[%clk 0:48:13]} 24. Qf3 {[%clk 0:23:09]} Rc7 {[%clk 0:44:23]} 25. Qd5
{[%clk 0:20:05]} Qf6 {[%clk 0:42:15]} 26. Rxe6 {[%clk 0:17:00]} fxe6
{[%clk 0:42:18]} 27. Rxe6 {[%clk 0:17:16]} Qxe6 {[%clk 0:39:55]} 28. Qxe6+
{[%clk 0:17:36]} Kf8 {[%clk 0:40:18]} 29. Qd6+ {[%clk 0:17:58]} Re7
{[%clk 0:40:41]} 30. Qd8+ {[%clk 0:16:40]} Re8 {[%clk 0:40:36]} 31. Qd6+
{[%clk 0:16:45]} Re7 {[%clk 0:41:01]} 32. h3 {[%clk 0:12:21]} Rge4
{[%clk 0:41:21]} 33. Kh2 {[%clk 0:11:17]} R4e6 {[%clk 0:41:41]} 34. Qb8+
{[%clk 0:11:35]} Kf7 {[%clk 0:42:07]} 35. Qf4+ {[%clk 0:11:57]} Ke8
{[%clk 0:42:15]} 36. Qc1 {[%clk 0:10:31]} Rc6 {[%clk 0:42:22]} 37. Qb1
{[%clk 0:10:07]} g6 {[%clk 0:42:46]} 38. Qd3 {[%clk 0:10:14]} Rce6
{[%clk 0:42:45]} 39. Qd4 {[%clk 0:10:04]} Rf7 {[%clk 0:42:20]} 40. Qc4
{[%clk 0:09:47]} Rc6 {[%clk 0:41:50]} 41. Qe4+ {[%clk 0:09:55]} Kf8
{[%clk 0:42:09]} 42. Qb4+ {[%clk 0:09:57]} Kg8 {[%clk 0:42:32]} 1/2-1/2

[Event "EUYCC 2025 - U10"]
[Site "?"]
[Date "2025.08.26"]
[Round "8.4"]
[White "Hlavacek, Pavel"]
[Black "Grigore, Melania-Cristina"]
[Result "1-0"]
[BlackElo "1433"]
[WhiteElo "1923"]
[LiveChessVersion "1.4.8"]

1. d4 {[%clk 1:30:59]} d5 {[%clk 1:30:55]} 2. c4 {[%clk 1:31:22]} dxc4
{[%clk 1:31:21]} 3. Nf3 {[%clk 1:31:09]} Nf6 {[%clk 1:31:37]} 4. e3
{[%clk 1:31:26]} e6 {[%clk 1:31:20]} 5. Bxc4 {[%clk 1:29:39]} Nbd7
{[%clk 1:29:58]} 6. O-O {[%clk 1:27:49]} Be7 {[%clk 1:30:16]} 7. Nc3
{[%clk 1:27:01]} a6 {[%clk 1:30:28]} 8. a4 {[%clk 1:26:44]} O-O {[%clk 1:30:34]}
9. Re1 {[%clk 1:23:05]} Nb6 {[%clk 1:29:59]} 10. Ba2 {[%clk 1:22:13]} Bb4
{[%clk 1:29:09]} 11. Ne5 {[%clk 1:16:10]} Bxc3 {[%clk 1:28:40]} 12. bxc3
{[%clk 1:16:29]} Nfd5 {[%clk 1:28:46]} 13. Qd3 {[%clk 1:13:29]} a5
{[%clk 1:22:59]} 14. Bb1 {[%clk 1:09:12]} g6 {[%clk 1:20:37]} 15. e4
{[%clk 1:08:57]} Ne7 {[%clk 1:18:05]} 16. Bh6 {[%clk 1:08:21]} Re8
{[%clk 1:17:21]} 17. Qf3 {[%clk 1:07:32]} f5 {[%clk 1:16:56]} 18. h4
{[%clk 1:03:42]} Nc6 {[%clk 1:11:54]} 19. Qg3 {[%clk 0:56:19]} Nxe5
{[%clk 1:10:56]} 20. Qxe5 {[%clk 0:55:35]} Qe7 {[%clk 1:09:59]} 21. exf5
{[%clk 0:55:21]} Nd5 {[%clk 1:05:29]} 22. fxg6 {[%clk 0:54:23]} hxg6
{[%clk 1:05:01]} 23. Bxg6 {[%clk 0:53:46]} Rd8 {[%clk 1:04:20]} 24. Bg5
{[%clk 0:53:27]} Qd6 {[%clk 1:03:53]} 25. Bxd8 {[%clk 0:53:43]} Qxd8
{[%clk 1:04:16]} 26. Qh5 {[%clk 0:53:52]} Qd7 {[%clk 1:04:10]} 27. Re5
{[%clk 0:54:01]} Nf4 {[%clk 1:03:35]} 28. Qg4 {[%clk 0:54:09]} Nxg6
{[%clk 1:03:24]} 29. Qxg6+ {[%clk 0:54:34]} Qg7 {[%clk 1:03:05]} 30. Qe8+
{[%clk 0:55:00]} 1-0

[Event "EUYCC 2025 - U10"]
[Site "?"]
[Date "2025.08.26"]
[Round "8.5"]
[White "Macharacek, Jakub"]
[Black "Grigorescu, Stefan"]
[Result "1/2-1/2"]
[BlackElo "1465"]
[WhiteElo "1677"]
[LiveChessVersion "1.4.8"]

1. e4 {[%clk 1:30:57]} e5 {[%clk 1:30:49]} 2. Nf3 {[%clk 1:31:20]} Nc6
{[%clk 1:31:15]} 3. d4 {[%clk 1:31:43]} exd4 {[%clk 1:30:33]} 4. Bc4
{[%clk 1:32:02]} d6 {[%clk 1:30:54]} 5. Nxd4 {[%clk 1:32:18]} Nxd4
{[%clk 1:29:20]} 6. Qxd4 {[%clk 1:32:31]} Nf6 {[%clk 1:27:16]} 7. Nc3
{[%clk 1:29:52]} Be7 {[%clk 1:27:17]} 8. O-O {[%clk 1:28:35]} O-O
{[%clk 1:27:17]} 9. Bg5 {[%clk 1:22:36]} Nd5 {[%clk 1:23:08]} 10. Nxd5
{[%clk 1:12:54]} Bxg5 {[%clk 1:21:14]} 11. f4 {[%clk 1:10:53]} c6
{[%clk 1:20:31]} 12. fxg5 {[%clk 1:05:56]} cxd5 {[%clk 1:20:53]} 13. Bxd5
{[%clk 1:05:50]} Qxg5 14. Rf3 {[%clk 0:48:58]} Qe7 {[%clk 1:13:49]} 15. Re1
{[%clk 0:36:27]} Qe5 {[%clk 1:09:35]} 16. Qxe5 {[%clk 0:35:09]} dxe5
{[%clk 1:09:44]} 17. Rxf7 {[%clk 0:33:51]} Rxf7 {[%clk 1:09:55]} 18. Rf1
{[%clk 0:34:09]} Be6 {[%clk 1:10:16]} 19. Bxe6 {[%clk 0:34:33]} Raf8
{[%clk 1:10:39]} 20. Rxf7 {[%clk 0:34:52]} Rxf7 {[%clk 1:11:04]} 21. Bxf7+
{[%clk 0:35:17]} Kxf7 {[%clk 1:11:27]} 22. Kf2 {[%clk 0:35:17]} Ke6
{[%clk 1:11:35]} 23. Ke3 {[%clk 0:35:17]} b5 {[%clk 1:11:40]} 24. b4
{[%clk 0:35:12]} Kd6 {[%clk 1:11:33]} 25. Kd3 {[%clk 0:35:15]} g5
{[%clk 1:11:32]} 26. g4 {[%clk 0:35:32]} Kc6 {[%clk 1:10:53]} 27. c4
{[%clk 0:34:44]} a6 {[%clk 1:11:00]} 28. c5 {[%clk 0:34:25]} Kd7 {[%clk 1:11:09]}
29. Kc3 {[%clk 0:34:23]} Kc6 {[%clk 1:11:28]} 30. Kb3 {[%clk 0:34:33]} Kb7
{[%clk 1:11:53]} 31. a4 {[%clk 0:34:58]} Kc6 {[%clk 1:12:16]} 32. axb5+
{[%clk 0:34:39]} axb5 1/2-1/2

[Event "EUYCC 2025 - U10"]
[Site "?"]
[Date "2025.08.26"]
[Round "8.6"]
[White "Skouroupathis, Kyriakos"]
[Black "Vratny, Vojtech"]
[Result "1-0"]
[BlackElo "1645"]
[WhiteElo "1798"]
[LiveChessVersion "1.4.8"]

1. Nc3 {[%clk 1:30:56]} d5 {[%clk 1:30:48]} 2. e4 {[%clk 1:31:21]} dxe4
{[%clk 1:31:08]} 3. Nxe4 {[%clk 1:31:43]} Nf6 {[%clk 1:31:31]} 4. Nxf6+
{[%clk 1:32:05]} exf6 {[%clk 1:31:47]} 5. d4 {[%clk 1:32:16]} c6 {[%clk 1:31:51]}
6. Be3 {[%clk 1:31:58]} Bd6 {[%clk 1:32:06]} 7. Bd3 {[%clk 1:32:16]} O-O
{[%clk 1:32:10]} 8. Ne2 {[%clk 1:32:17]} Bg4 {[%clk 1:31:16]} 9. O-O
{[%clk 1:32:08]} Re8 {[%clk 1:31:08]} 10. c3 {[%clk 1:30:10]} Nd7
{[%clk 1:28:21]} 11. Qc2 {[%clk 1:27:36]} Nf8 {[%clk 1:28:23]} 12. Rfe1
{[%clk 1:25:29]} Qc7 {[%clk 1:26:29]} 13. h3 {[%clk 1:25:36]} Bh5
{[%clk 1:23:06]} 14. c4 {[%clk 1:18:48]} Bxe2 {[%clk 1:19:44]} 15. Rxe2
{[%clk 1:18:40]} Bf4 {[%clk 1:15:32]} 16. Rae1 {[%clk 1:07:53]} Bxe3
{[%clk 1:15:32]} 17. fxe3 {[%clk 1:06:28]} Rad8 {[%clk 1:12:40]} 18. b4
{[%clk 1:01:13]} g6 {[%clk 1:06:39]} 19. Rf1 {[%clk 0:56:00]} f5 {[%clk 1:06:17]}
20. Ree1 {[%clk 0:40:19]} Ne6 {[%clk 1:03:50]} 21. Qf2 {[%clk 0:38:16]} f4
{[%clk 0:57:13]} 22. exf4 {[%clk 0:36:38]} Qb6 {[%clk 0:53:19]} 23. f5
{[%clk 0:36:02]} Nxd4 {[%clk 0:50:24]} 24. Rxe8+ {[%clk 0:36:24]} Rxe8
{[%clk 0:50:45]} 25. fxg6 {[%clk 0:36:48]} f5 {[%clk 0:49:46]} 26. c5
{[%clk 0:35:23]} Qxb4 {[%clk 0:49:13]} 27. gxh7+ {[%clk 0:35:45]} Kh8
{[%clk 0:48:57]} 28. Rc1 {[%clk 0:30:16]} Rd8 {[%clk 0:46:18]} 29. Rc4
{[%clk 0:29:11]} Qa3 {[%clk 0:41:34]} 30. Rxd4 {[%clk 0:29:14]} 1-0

[Event "EUYCC 2025 - U10"]
[Site "?"]
[Date "2025.08.26"]
[Round "8.7"]
[White "Horvath, Kornel"]
[Black "Bostina, Vladimir-Ioan"]
[Result "1-0"]
[BlackElo "1697"]
[WhiteElo "1635"]
[LiveChessVersion "1.4.8"]

1. e4 {[%clk 1:30:53]} c5 {[%clk 1:30:55]} 2. c3 {[%clk 1:31:09]} Nf6
{[%clk 1:31:19]} 3. e5 {[%clk 1:31:13]} Nd5 {[%clk 1:31:46]} 4. d4
{[%clk 1:31:32]} cxd4 {[%clk 1:32:01]} 5. cxd4 {[%clk 1:31:43]} e6
{[%clk 1:32:23]} 6. Bc4 {[%clk 1:28:04]} b6 {[%clk 1:23:16]} 7. Bxd5 exd5 8. Nf3
{[%clk 1:25:42]} Ba6 {[%clk 1:22:38]} 9. a3 {[%clk 1:21:04]} d6 {[%clk 1:14:37]}
10. Nc3 {[%clk 1:07:08]} dxe5 {[%clk 0:57:56]} 11. dxe5 {[%clk 1:06:40]} d4
{[%clk 0:49:23]} 12. Qa4+ {[%clk 0:54:33]} Qd7 {[%clk 0:49:02]} 13. Qxd7+
{[%clk 0:50:49]} Nxd7 {[%clk 0:47:31]} 14. Nxd4 {[%clk 0:50:40]} Nxe5
{[%clk 0:47:20]} 15. Ndb5 {[%clk 0:49:55]} Nd3+ {[%clk 0:32:23]} 16. Ke2
{[%clk 0:47:03]} Nxc1+ {[%clk 0:31:04]} 17. Raxc1 {[%clk 0:46:45]} Bc5
{[%clk 0:14:41]} 18. Kf3 {[%clk 0:42:32]} Bb7+ {[%clk 0:13:31]} 19. Ke2
{[%clk 0:38:59]} O-O {[%clk 0:12:50]} 20. b4 {[%clk 0:35:28]} Be7
{[%clk 0:12:34]} 21. f3 {[%clk 0:35:11]} Bf6 {[%clk 0:08:01]} 22. Rhd1
{[%clk 0:34:13]} Rac8 {[%clk 0:01:16]} 23. Ne4 {[%clk 0:32:49]} Bxe4
{[%clk 0:00:35]} 24. fxe4 {[%clk 0:33:04]} a6 25. Rxc8 {[%clk 0:32:35]} Rxc8
{[%clk 0:00:58]} 26. Nd4 {[%clk 0:31:19]} Rd8 {[%clk 0:00:45]} 27. Nc6
{[%clk 0:30:42]} Rxd1 {[%clk 0:00:39]} 28. Kxd1 {[%clk 0:31:03]} Kf8
{[%clk 0:00:33]} 29. Nb8 {[%clk 0:30:20]} Be5 {[%clk 0:00:31]} 30. Nd7+
{[%clk 0:30:40]} 1-0